Succeeding with agile software development using Scrum

Saved in:
Bibliografiske detaljer
Hovedforfatter: Cohn, Mike
Format: Bog
Udgivet: Pearson
Tags: Tilføj Tag
Ingen Tags, Vær først til at tagge denne postø!

MARC

LEADER 00000nam a2200000Ia 4500
005 20260515061617.0
100 |a Cohn, Mike, 
020 |a 9789332547964 
942 |c BK 
245 |a Succeeding with agile software development using Scrum  
260 |b Pearson 
999 |c 55  |d 55 
952 |0 0  |1 0  |4 0  |7 0  |a ABDN  |b ABDN  |d 2026-05-15  |l 0  |p 000022  |r 2026-05-15 06:16:17  |w 2026-05-15  |y BK